Statistiques concernant La réponse est un oiseau #1

Cliquez ici pour prendre le quiz!

Statistiques générales

  • Ce quiz a été pris 67 fois
  • Le résultat moyen est 11 sur 20

Statistiques - réponses

IndiceRéponse% Correct
Fruit à la peau velue et à la pulpe verteKiwi
93%
Pièce d'échec se déplaçant en diagonaleFou
91%
Sorte de fouet utilisé autrefois pour punir les enfantsMartinet
89%
Personne à qui il manque un brasManchot
84%
Ville italienne, capitale de la LombardieMilan
71%
Sommet pointu d'un massif montagneuxPic
71%
Auteur de lettres anonymesCorbeau
68%
Ustensile de cuisine au bout plat et élargiSpatule
68%
Long bâton de bois muni d'un étrier, permettant de se déplacer en position surélevéeEchasse
66%
Contraire de floueNette
66%
Guérisseur africain, sorcierMarabout
64%
Journal de peu de valeurCanard
59%
Personne se faisant duper, passant pour un idiotPigeon
59%
Participant à un combatCombattant
48%
Cri d'agonieRâle
32%
Ancien navire de guerre à trois mâtsFrégate
29%
Individu mal élevé, lourd, grossierButor
14%
Cool, sympa, agréableChouette
14%
Bateau à fond platBarge
13%
Filet à poisson lancé à la mainEpervier
11%

Distribution des résultats

Percentile par nombre de réponses

% des personnes avec chaque résultat

Votre développement - résultats

Vous n’avez pas pris ce quiz